[Event "BEL-chT2 0405"]
[Site "Belgium"]
[Date "2005.02.27"]
[Round "9"]
[White "Ady, Jonathan James"]
[Black "Eliet, Nicolas"]
[Result "1-0"]
[WhiteElo "2395"]
[BlackElo "2430"]
[PlyCount "95"]
[EventDate "2004.10.10"]
[EventType "team-swiss"]
[EventRounds "11"]
[EventCountry "BEL"]
[SourceTitle "EXT 2006"]
[Source "ChessBase"]
[SourceDate "2005.11.24"]
[SourceVersion "1"]
[SourceVersionDate "2005.11.24"]
[SourceQuality "1"]
[WhiteTeam "CREB"]
[BlackTeam "CREB II"]
[WhiteTeamCountry "BEL"]
[BlackTeamCountry "BEL"]

1. e4 c6 2. d4 d5 3. e5 Bf5 4. Nc3 e6 5. g4 Bg6 6. Nge2 f6 7. h4 fxe5 8. h5 Bf7 9. dxe5 Nd7 10. f4 Qb6 11. Rh3 Ne7 12. Na4 Qc7 13. Nd4 Qa5+ 14. c3 Bg8 15. b4 Qc7 16. Rb1 Nc8 17. Qe2 Ncb6 18. Nxb6 Nxb6 19. f5 0-0-0 20. Bf4 Re8 21. Qh2 Nc4 22. Bd3 exf5 23. e6 Bd6 24. Bxd6 Nxd6 25. gxf5 h6 26. Rb2 Bh7 27. Qe5 Rhf8 28. Rg3 Re7 29. Rbg2 Ne8 30. Qxc7+ Kxc7 31. f6 gxf6 32. Bxh7 Rxh7 33. Nf5 Rfh8 34. Kd2 c5 35. b5 a6 36. bxa6 bxa6 37. Ke3 Kc6 38. Kf4 Nc7 39. Re2 Re8 40. e7 Kd7 41. Rg6 Ne6+ 42. Kg4 Ng5 43. Rxf6 Ne4 44. Rxa6 Rg8+ 45. Kf4 Rf7 46. Rb2 Kc7 47. Ra7+ Kc6 48. e8Q+ 1-0

[Event "Fan Adams Int f-B"]
[Site "New York"]
[Date "1999.06.27"]
[Round "4"]
[White "Ady, Jonathan James"]
[Black "Furdzik, Rafal"]
[Result "1-0"]
[WhiteElo "2412"]
[BlackElo "2249"]
[PlyCount "33"]
[EventDate "1999.06.??"]
[EventType "schev"]
[EventRounds "4"]
[EventCountry "USA"]
[EventCategory "4"]
[SourceTitle "EXT 2000"]
[Source "ChessBase"]
[SourceDate "1999.11.16"]
[SourceVersion "1"]
[SourceVersionDate "1999.11.16"]
[SourceQuality "1"]

1. e4 c6 2. d4 d5 3. e5 Bf5 4. Nf3 e6 5. Be2 c5 6. 0-0 Nc6 7. c3 Qb6 8. dxc5 Bxc5 9. b4 Bf8 10. Qa4 Nge7 11. Be3 Qc7 12. Na3 Nc8 13. b5 Nb8 14. b6+ Qd7 15. Nb5 Kd8 16. bxa7 Nc6 17. Rfd1 1-0

[Event "Manhattan March Int"]
[Site "New York"]
[Date "1999.03.09"]
[Round "4"]
[White "Negulescu, Adrian"]
[Black "Ady, Jonathan James"]
[Result "1/2-1/2"]
[WhiteElo "2452"]
[BlackElo "2412"]
[PlyCount "49"]
[EventDate "1999.03.05"]
[EventType "tourn"]
[EventRounds "9"]
[EventCountry "USA"]
[EventCategory "10"]
[SourceTitle "CBM 070"]
[Source "ChessBase"]
[SourceDate "1999.06.08"]
[SourceVersion "1"]
[SourceVersionDate "1999.06.08"]
[SourceQuality "1"]

1. d4 Nf6 2. Bg5 Ne4 3. Bf4 c5 4. d5 Qb6 5. Qc1 c4 6. e3 Qa5+ 7. Nd2 c3 8. bxc3 Nxc3 9. Ngf3 Nxd5 10. Bg3 Nc6 11. Bc4 e6 12. 0-0 Ba3 13. Qb1 Nc3 14. Qb3 0-0 15. Bd3 b5 16. Nb1 Nxb1 17. Raxb1 a6 18. c4 bxc4 19. Qxc4 Be7 20. Be4 Ra7 21. Bxc6 dxc6 22. Nd4 Bd7 23. Nxc6 Bxc6 24. Qxc6 e5 25. Rb7 1/2-1/2

[Event "Fan Adams Int"]
[Site "New York "]
[Date "1999.??.??"]
[Round "3"]
[White "Ady, Jonathan James"]
[Black "Gross, David2222"]
[Result "1-0"]
[WhiteElo "2410"]
[BlackElo "2370"]
[PlyCount "113"]
[EventDate "1999.06.??"]
[EventType "schev"]
[EventRounds "6"]
[EventCountry "USA"]
[SourceTitle "EXT 2000"]
[Source "ChessBase"]
[SourceDate "1999.11.16"]
[SourceVersion "1"]
[SourceVersionDate "1999.11.16"]
[SourceQuality "1"]

1. e4 c5 2. Nf3 Nc6 3. d4 cxd4 4. Nxd4 Qc7 5. Nc3 e6 6. Be2 a6 7. 0-0 Nf6 8. Kh1 Nxd4 9. Qxd4 Bc5 10. Qd3 b5 11. f4 Bb7 12. Bf3 h5 13. Be3 Bxe3 14. Qxe3 d6 15. Rad1 b4 16. Na4 0-0 17. Qd4 a5 18. Rfe1 Rad8 19. c4 e5 20. Qa7 Nd7 21. b3 Nc5 22. Qb6 Qxb6 23. Nxb6 exf4 24. Nd5 Rfe8 25. Nxf4 h4 26. Nd5 Re5 27. Kg1 Bxd5 28. Rxd5 Rxd5 29. exd5 Kf8 30. Rd1 Re8 31. Kf2 f5 32. g3 hxg3+ 33. hxg3 Kf7 34. g4 f4 35. Rh1 Re3 36. Kg2 Nd3 37. Bd1 Kf6 38. Rh8 Re1 39. Bf3 Ra1 40. Be4 Ne5 41. Rf8+ Kg5 42. c5 Kxg4 43. c6 Rxa2+ 44. Kf1 Ra1+ 45. Ke2 Rc1 46. Rf5 a4 47. Kd2 Rc5 48. Rxe5 dxe5 49. d6 a3 50. d7 a2 51. d8Q a1Q 52. Qd7+ Kh4 53. Qe7+ g5 54. Qxc5 Qb2+ 55. Bc2 e4 56. c7 e3+ 57. Kd3 1-0

[Event "Fan Adams Int"]
[Site "New York "]
[Date "1999.??.??"]
[Round "1"]
[White "Ady, Jonathan James"]
[Black "Gustafsson, Jan"]
[Result "0-1"]
[WhiteElo "2410"]
[BlackElo "2415"]
[PlyCount "58"]
[EventDate "1999.06.??"]
[EventType "schev"]
[EventRounds "6"]
[EventCountry "USA"]
[SourceTitle "EXT 2000"]
[Source "ChessBase"]
[SourceDate "1999.11.16"]
[SourceVersion "1"]
[SourceVersionDate "1999.11.16"]
[SourceQuality "1"]

1. e4 c5 2. Nf3 Nc6 3. d4 cxd4 4. Nxd4 Qc7 5. Nc3 e6 6. g3 a6 7. Bg2 Nf6 8. 0-0 Bc5 9. Nxc6 dxc6 10. Na4 Be7 11. e5 Nd7 12. f4 b5 13. Nc3 Bb7 14. Ne4 0-0 15. Be3 c5 16. Qg4 Rad8 17. Rad1 Bd5 18. b3 c4 19. Rf2 Qc6 20. Ng5 Bxg2 21. Rxg2 h6 22. Nh3 Bc5 23. Bxc5 Qxc5+ 24. Kh1 Nb6 25. Rgd2 Rxd2 26. Rxd2 Nd5 27. Nf2 cxb3 28. axb3 Ne3 29. Ne4 Qa3 0-1

[Event "Marshall CC Winter"]
[Site "New York"]
[Date "1998.12.19"]
[Round "8"]
[White "Ady, Jonathan James"]
[Black "Waitzkin, Joshua"]
[Result "1/2-1/2"]
[WhiteElo "2395"]
[BlackElo "2480"]
[PlyCount "117"]
[EventDate "1998.12.??"]
[EventType "tourn"]
[EventRounds "9"]
[EventCountry "USA"]
[EventCategory "7"]
[SourceTitle "EXT 2000"]
[Source "ChessBase"]
[SourceDate "1999.11.16"]
[SourceVersion "1"]
[SourceVersionDate "1999.11.16"]
[SourceQuality "1"]

1. e4 d5 2. exd5 Qxd5 3. Nc3 Qa5 4. d4 c6 5. Nf3 Nf6 6. Bc4 Bf5 7. Ne5 e6 8. g4 Bg6 9. Bd2 Bb4 10. h4 Nbd7 11. Nxd7 Kxd7 12. h5 Be4 13. Rh3 h6 14. a3 Bxc3 15. Rxc3 Qb6 16. Bf4 Rad8 17. Rb3 Qa5+ 18. Kf1 Kc8 19. Be5 Qxe5 20. dxe5 Rxd1+ 21. Rxd1 Bxc2 22. exf6 Bxd1 23. fxg7 Rg8 24. Rg3 Rxg7 25. Be2 Bxe2+ 26. Kxe2 Kd7 27. f4 f6 28. Kf3 Ke7 29. Rg2 Rg8 30. Re2 c5 31. Rd2 b6 32. Re2 Rd8 33. Rg2 Rd5 34. Ke3 b5 35. Rc2 a6 36. Rc1 Kd6 37. b3 e5 38. fxe5+ Kxe5 39. Rf1 Ke6 40. Rc1 Ke5 41. a4 Ke6 42. axb5 axb5 43. Ra1 b4 44. Ra6+ Rd6 45. Ra8 Rd1 46. Re8+ Kd7 47. Rh8 Rb1 48. Rxh6 Rxb3+ 49. Ke4 Ke7 50. Kd5 Rg3 51. Rh7+ Kf8 52. Kxc5 Rxg4 53. h6 Kg8 54. Rb7 Re4 55. Kd5 f5 56. Rg7+ Kh8 57. Rb7 Kg8 58. Rg7+ Kh8 59. Rb7 1/2-1/2

[Event "New York Manhattan"]
[Site "New York"]
[Date "1998.10.15"]
[Round "8"]
[White "Bonin, Jay R"]
[Black "Ady, Jonathan James"]
[Result "1-0"]
[WhiteElo "2405"]
[BlackElo "2395"]
[PlyCount "81"]
[EventDate "1998.10.??"]
[EventType "tourn"]
[EventRounds "9"]
[EventCountry "USA"]
[EventCategory "8"]
[SourceTitle "EXT 1999"]
[Source "ChessBase"]
[SourceDate "1998.11.16"]
[SourceVersion "1"]
[SourceVersionDate "1998.11.16"]
[SourceQuality "1"]

1. d4 Nf6 2. c4 g6 3. Nc3 d5 4. cxd5 Nxd5 5. e4 Nxc3 6. bxc3 Bg7 7. Bb5+ c6 8. Ba4 0-0 9. Ne2 c5 10. 0-0 Nc6 11. Bxc6 bxc6 12. Ba3 cxd4 13. Nxd4 Qa5 14. Bxe7 Re8 15. Bb4 Qb6 16. Nb3 a5 17. Bc5 Qb5 18. a4 Qc4 19. Bd4 Rd8 20. Nc5 Bxd4 21. cxd4 Rxd4 22. Rc1 Rxd1 23. Rxc4 Rxf1+ 24. Kxf1 Kf8 25. Rd4 Ke7 26. e5 Rb8 27. Rd6 Rb6 28. Ke2 Be6 29. Ke3 h6 30. h3 Bd5 31. g4 Be6 32. f4 Bd5 33. Rd7+ Ke8 34. Ra7 Rb4 35. Rxa5 Rc4 36. f5 gxf5 37. gxf5 Kd8 38. f6 Rc1 39. e6 Bxe6 40. Nxe6+ fxe6 41. Ra8+ 1-0

[Event "New York Manhattan"]
[Site "New York"]
[Date "1998.10.09"]
[Round "2"]
[White "Ady, Jonathan James"]
[Black "Stripunsky, Alexander"]
[Result "1/2-1/2"]
[WhiteElo "2395"]
[BlackElo "2520"]
[PlyCount "63"]
[EventDate "1998.10.??"]
[EventType "tourn"]
[EventRounds "9"]
[EventCountry "USA"]
[EventCategory "8"]
[SourceTitle "EXT 1999"]
[Source "ChessBase"]
[SourceDate "1998.11.16"]
[SourceVersion "1"]
[SourceVersionDate "1998.11.16"]
[SourceQuality "1"]

1. e4 c5 2. Nf3 e6 3. d4 cxd4 4. Nxd4 a6 5. Bd3 Bc5 6. Be3 Qb6 7. c3 Nc6 8. Nd2 Qxb2 9. Rc1 Bxd4 10. cxd4 d5 11. exd5 exd5 12. 0-0 Nge7 13. Nb3 Qa3 14. Rc5 b6 15. Bc1 Qa4 16. Rc3 Qb4 17. Qc2 Qd6 18. Re1 Be6 19. Qe2 0-0 20. Bxa6 Nf5 21. Bd3 Ncxd4 22. Nxd4 Nxd4 23. Qh5 g6 24. Qh6 Rxa2 25. Bf4 Qb4 26. Be5 f6 27. Bxg6 Ne2+ 28. Kf1 Ra7 29. Rc7 Rxc7 30. Bxc7 hxg6 31. Qxg6+ Kh8 32. Qh6+ 1/2-1/2

[Event "New York Manhattan"]
[Site "New York"]
[Date "1998.10.08"]
[Round "1"]
[White "Palatnik, Semon"]
[Black "Ady, Jonathan James"]
[Result "0-1"]
[WhiteElo "2490"]
[BlackElo "2395"]
[PlyCount "92"]
[EventDate "1998.10.??"]
[EventType "tourn"]
[EventRounds "9"]
[EventCountry "USA"]
[EventCategory "8"]
[SourceTitle "EXT 1999"]
[Source "ChessBase"]
[SourceDate "1998.11.16"]
[SourceVersion "1"]
[SourceVersionDate "1998.11.16"]
[SourceQuality "1"]

1. d4 Nf6 2. c4 g6 3. Nc3 d5 4. cxd5 Nxd5 5. e4 Nxc3 6. bxc3 Bg7 7. Bc4 c5 8. Ne2 Nc6 9. Be3 0-0 10. 0-0 Na5 11. Bd3 Bg4 12. Rc1 e5 13. d5 b6 14. h3 Bd7 15. f4 Nb7 16. f5 Nd6 17. Ng3 Qh4 18. Qg4 Bf6 19. c4 Kh8 20. Kh2 Rg8 21. Qxh4 Bxh4 22. fxg6 hxg6 23. Bd2 Rae8 24. Bc3 Kh7 25. Rf3 Bg5 26. Rcf1 Rgf8 27. Ne2 f5 28. g4 fxe4 29. Rxf8 Rxf8 30. Rxf8 exd3 31. Ng3 Bf4 32. Kg2 Bxg3 33. Rd8 Ne4 34. Rxd7+ Kh6 35. d6 Nxc3 36. Rf7 d2 37. Rf1 Be1 38. g5+ Kxg5 39. d7 d1Q 40. Rxe1 Qd2+ 41. Kf1 Qxd7 42. Rxe5+ Kf4 43. Re1 Qd3+ 44. Kg2 Qg3+ 45. Kh1 Qxe1+ 46. Kg2 Qe2+ 0-1

[Event "Olympiad-32"]
[Site "Yerevan"]
[Date "1996.09.28"]
[Round "12.1"]
[White "Ady, Jonathan James"]
[Black "Smith, Alvin LA"]
[Result "1-0"]
[WhiteElo "2370"]
[BlackElo "2175"]
[PlyCount "58"]
[EventDate "1996.09.15"]
[EventType "team-swiss"]
[EventRounds "14"]
[EventCountry "ARM"]
[SourceTitle "CBM 055"]
[Source "ChessBase"]
[SourceDate "1996.12.01"]
[SourceVersion "1"]
[SourceVersionDate "1996.12.01"]
[SourceQuality "1"]
[WhiteTeam "Hong Kong"]
[BlackTeam "Netherlands Antilles"]
[WhiteTeamCountry "HKG"]
[BlackTeamCountry "AHO"]

1. e4 e5 2. Nf3 Nc6 3. Bb5 Nf6 4. 0-0 d6 5. d4 Bd7 6. Nc3 exd4 7. Nxd4 Nxd4 8. Bxd7+ Qxd7 9. Qxd4 Be7 10. Bg5 0-0 11. e5 Ne8 12. Bf4 Qd8 13. Rad1 dxe5 14. Qxe5 Bd6 15. Qe4 Qb8 16. Nd5 Bxf4 17. Qxf4 Nd6 18. c4 b6 19. h4 Rd8 20. Rfe1 Re8 21. Rxe8+ Nxe8 22. Ne7+ Kf8 23. Rd7 Nf6 24. Rxc7 Qd8 25. Nd5 b5 26. Nxf6 gxf6 27. cxb5 Rb8 28. a4 Rc8 29. Rc6 Kg7 1-0

[Event "Olympiad-32"]
[Site "Yerevan"]
[Date "1996.09.26"]
[Round "10.1"]
[White "Braso, Jorge"]
[Black "Ady, Jonathan James"]
[Result "0-1"]
[WhiteElo "2245"]
[BlackElo "2370"]
[PlyCount "106"]
[EventDate "1996.09.15"]
[EventType "team-swiss"]
[EventRounds "14"]
[EventCountry "ARM"]
[SourceTitle "CBM 055"]
[Source "ChessBase"]
[SourceDate "1996.12.01"]
[SourceVersion "1"]
[SourceVersionDate "1996.12.01"]
[SourceQuality "1"]
[WhiteTeam "Uruguay"]
[BlackTeam "Hong Kong"]
[WhiteTeamCountry "URU"]
[BlackTeamCountry "HKG"]

1. d4 Nf6 2. Nf3 g6 3. g3 Bg7 4. Bg2 0-0 5. 0-0 d5 6. c4 dxc4 7. Nc3 c6 8. Ne5 Be6 9. e3 Nbd7 10. Nf3 Bf5 11. Re1 Ne4 12. Qc2 Nxc3 13. Qxc3 b5 14. Nh4 Rc8 15. Nxf5 gxf5 16. Qc2 e6 17. a4 a6 18. axb5 axb5 19. Bd2 c5 20. Ba5 Qf6 21. Red1 cxd4 22. exd4 e5 23. dxe5 Nxe5 24. Bc3 Rcd8 25. Re1 Rfe8 26. Kh1 Qg6 27. Qe2 Re6 28. Qc2 Nd3 29. Rxe6 Qxe6 30. Qd2 Qb6 31. Kg1 Bh6 32. Qe2 b4 33. Be1 Bg7 34. Ra4 Qb5 35. Ra7 Bd4 36. Qe7 Qe8 37. Qg5+ Kh8 38. Re7 Qg8 39. Qxf5 Qg6 40. Qa5 Qd6 41. Re4 Qf6 42. Bf3 Bb6 43. Qh5 Nxe1 44. Rxe1 Qxb2 45. Re2 Qf6 46. Re4 c3 47. Rf4 Qg6 48. Qb5 c2 49. Rc4 Rd1+ 50. Kg2 c1Q 51. Rxc1 Rxc1 52. Qe5+ Kg8 53. Be4 Qh6 0-1

[Event "Olympiad-32"]
[Site "Yerevan"]
[Date "1996.09.23"]
[Round "7.1"]
[White "Barua, Dibyendu"]
[Black "Ady, Jonathan James"]
[Result "1-0"]
[WhiteElo "2550"]
[BlackElo "2370"]
[PlyCount "51"]
[EventDate "1996.09.15"]
[EventType "team-swiss"]
[EventRounds "14"]
[EventCountry "ARM"]
[SourceTitle "CBM 055"]
[Source "ChessBase"]
[SourceDate "1996.12.01"]
[SourceVersion "1"]
[SourceVersionDate "1996.12.01"]
[SourceQuality "1"]
[WhiteTeam "India"]
[BlackTeam "Hong Kong"]
[WhiteTeamCountry "IND"]
[BlackTeamCountry "HKG"]

1. e4 c5 2. Nf3 d6 3. d4 cxd4 4. Nxd4 Nf6 5. Nc3 a6 6. Be2 e5 7. Nb3 Be7 8. 0-0 0-0 9. Kh1 b5 10. Nd5 Bb7 11. Nxe7+ Qxe7 12. f3 Nc6 13. a4 d5 14. axb5 axb5 15. Rxa8 Rxa8 16. exd5 Rd8 17. Bxb5 Rxd5 18. Qe2 e4 19. Bc4 Rh5 20. Bf4 Bc8 21. Be3 Ng4 22. h3 Qf6 23. Rg1 Ne7 24. Qd2 g5 25. Qd8+ Kg7 26. Bd4 1-0

[Event "SCO-ch"]
[Site "Scotland"]
[Date "1988.??.??"]
[Round "?"]
[White "Ady, Jonathan James"]
[Black "Mannion, Stephen R"]
[Result "0-1"]
[WhiteElo "2300"]
[BlackElo "2280"]
[PlyCount "112"]
[EventDate "1988.??.??"]
[EventType "tourn"]
[EventRounds "9"]
[EventCountry "SCO"]
[SourceTitle "TD"]
[Source "ChessBase"]
[SourceDate "1994.03.01"]
[SourceVersion "1"]
[SourceVersionDate "1994.03.01"]
[SourceQuality "1"]

1. e4 e5 2. Nf3 Nc6 3. Bb5 a6 4. Ba4 Nf6 5. 0-0 Be7 6. Re1 b5 7. Bb3 d6 8. c3 0-0 9. h3 Bb7 10. d4 Re8 11. Nbd2 Bf8 12. a3 h6 13. d5 Nb8 14. c4 c6 15. dxc6 Bxc6 16. Bc2 Nbd7 17. b3 Qc7 18. Bb2 Rec8 19. Rc1 Qb7 20. Qe2 a5 21. cxb5 Bxb5 22. Bd3 Bxd3 23. Qxd3 Rxc1 24. Bxc1 Nc5 25. Qb1 Rc8 26. Bb2 Nxb3 27. Bxe5 dxe5 28. Nxb3 Rb8 29. Nbd2 Bxa3 30. Nxe5 Qxb1 31. Rxb1 Rxb1+ 32. Nxb1 Bc5 33. Nd2 a4 34. Nd3 Bd4 35. Kf1 Bc3 36. Ke2 a3 37. Nc1 Bxd2 38. Kxd2 Nxe4+ 39. Ke3 Nc3 40. Kd2 a2 41. Nb3 Ne4+ 42. Ke3 Nc5 43. Na1 Kf8 44. Kd4 Ne6+ 45. Ke5 Ke7 46. f4 Nf8 47. g3 Nd7+ 48. Kd5 Kf6 49. g4 g5 50. Ke4 Nf8 51. fxg5+ hxg5 52. Nb3 Ng6 53. Na1 Nh4 54. Nb3 Ke6 55. Na1 Kd6 56. Nb3 f6 0-1

[Event "SCO-ch"]
[Site "Scotland"]
[Date "1988.??.??"]
[Round "?"]
[White "Giulian, Philip Maurice"]
[Black "Ady, Jonathan James"]
[Result "0-1"]
[WhiteElo "2270"]
[BlackElo "2300"]
[PlyCount "84"]
[EventDate "1988.??.??"]
[EventType "tourn"]
[EventRounds "9"]
[EventCountry "SCO"]
[SourceTitle "TD"]
[Source "ChessBase"]
[SourceDate "1994.03.01"]
[SourceVersion "1"]
[SourceVersionDate "1994.03.01"]
[SourceQuality "1"]

1. d4 Nf6 2. c4 g6 3. Nc3 d5 4. Bf4 Bg7 5. Rc1 0-0 6. e3 c5 7. dxc5 Na6 8. cxd5 Nxc5 9. Bc4 Qa5 10. Nge2 Qb4 11. b3 Nfe4 12. 0-0 Bxc3 13. a3 Qa5 14. b4 Qxa3 15. Nxc3 Qxb4 16. Bh6 Nxc3 17. Qd4 Ne2+ 18. Bxe2 Qxd4 19. exd4 Nb3 20. Rc4 Rd8 21. Rb4 Na5 22. Bf3 Rd7 23. Re1 f6 24. Ra4 b6 25. d6 Bb7 26. dxe7 Kf7 27. Bxb7 Rxb7 28. Bd2 Nc6 29. d5 Nxe7 30. d6 Nf5 31. Bb4 Rd8 32. Rd1 a5 33. Ba3 Rbd7 34. Rb1 Nxd6 35. h3 Nc8 36. Rc4 h5 37. Rc6 Rb7 38. Bb2 Nd6 39. Rd1 Ke6 40. Bxf6 Kxf6 41. Rdxd6+ Rxd6 42. Rxd6+ Kf7 0-1

[Event "London op"]
[Site "London"]
[Date "1986.??.??"]
[Round "?"]
[White "Hebden, Mark"]
[Black "Ady, Jonathan James"]
[Result "1-0"]
[WhiteElo "2445"]
[BlackElo "2305"]
[PlyCount "63"]
[EventDate "1986.??.??"]
[EventType "swiss"]
[EventRounds "9"]
[EventCountry "ENG"]
[SourceTitle "EXT 2000"]
[Source "ChessBase"]
[SourceDate "1999.11.16"]
[SourceVersion "1"]
[SourceVersionDate "1999.11.16"]
[SourceQuality "1"]

1. e4 e5 2. a3 Nf6 3. Nc3 Nc6 4. Nf3 Be7 5. d4 exd4 6. Nxd4 0-0 7. Nxc6 bxc6 8. e5 Nd5 9. Nxd5 cxd5 10. Qxd5 Rb8 11. Bd3 d6 12. 0-0 Bb7 13. Qd4 dxe5 14. Qxe5 Bf6 15. Qg3 Re8 16. Bf4 Re7 17. Rad1 Qe8 18. Bxc7 Rc8 19. Bd6 Re6 20. Bf4 Rc5 21. b4 Rh5 22. c4 g6 23. f3 Bh4 24. Qg4 Qe7 25. Bg3 Bxg3 26. Qxg3 Rg5 27. Qf2 Rge5 28. c5 Bd5 29. Qd4 Bb3 30. Bc4 Bxc4 31. Qxc4 Re2 32. Qd4 1-0

[Event "Lloyds Bank Open-09"]
[Site "London"]
[Date "1985.??.??"]
[Round "?"]
[White "Ady, Jonathan James"]
[Black "Berg, Klaus"]
[Result "0-1"]
[WhiteElo "2305"]
[BlackElo "2340"]
[PlyCount "84"]
[EventDate "1985.08.21"]
[EventType "swiss"]
[EventRounds "9"]
[EventCountry "ENG"]
[SourceTitle "MCL"]
[Source "ChessBase"]
[SourceDate "1999.07.01"]
[SourceVersion "1"]
[SourceVersionDate "1999.07.01"]
[SourceQuality "1"]

1. e4 c6 2. d4 d5 3. e5 Bf5 4. Nc3 e6 5. g4 Bg6 6. Nge2 c5 7. h4 h5 8. Nf4 Bh7 9. Nxh5 cxd4 10. Qxd4 Nc6 11. Bb5 Nge7 12. Bg5 a6 13. Bxe7 axb5 14. Bxd8 Nxd4 15. 0-0-0 b4 16. Nb1 Nxc2 17. Bf6 b3 18. axb3 Na1 19. Rh3 gxf6 20. Nxf6+ Kd8 21. Nxh7 Rxh7 22. Na3 Bxa3 23. bxa3 Rxa3 24. Rdd3 Ra2 25. Rd2 Rxh4 26. Rxa2 Rxh3 27. Rxa1 Rh2 28. Ra2 Rg2 29. Re2 Rxg4 30. f3 Rf4 31. Rf2 Kd7 32. Kd2 d4 33. Ke2 Kc6 34. Rf1 Rf5 35. f4 Kd5 36. Kf3 f6 37. exf6 e5 38. Kg4 Rxf6 39. f5 d3 40. Ra1 Rf8 41. Ra4 d2 42. Ra1 Kd4 0-1

[Event "Lloyds Bank Open-09"]
[Site "London"]
[Date "1985.??.??"]
[Round "?"]
[White "Morovic Fernandez, Ivan"]
[Black "Ady, Jonathan James"]
[Result "1-0"]
[WhiteElo "2450"]
[BlackElo "2305"]
[PlyCount "57"]
[EventDate "1985.08.21"]
[EventType "swiss"]
[EventRounds "9"]
[EventCountry "ENG"]
[SourceTitle "MCL"]
[Source "ChessBase"]
[SourceDate "1999.07.01"]
[SourceVersion "1"]
[SourceVersionDate "1999.07.01"]
[SourceQuality "1"]

1. Nf3 Nf6 2. c4 g6 3. g3 Bg7 4. Bg2 0-0 5. 0-0 d6 6. d4 Nc6 7. Nc3 a6 8. b3 Rb8 9. Bb2 b5 10. cxb5 axb5 11. Rc1 Nb4 12. a3 Na6 13. b4 Nd7 14. d5 Nb6 15. Nd4 Bd7 16. Ba1 Qe8 17. Nc6 Bxc6 18. dxc6 Nc8 19. Qd3 Na7 20. Qe3 Nxc6 21. Nxb5 Ncxb4 22. Bxg7 Kxg7 23. Nxc7 Nxc7 24. Rxc7 Na6 25. Rxe7 Qa4 26. Bd5 Rbe8 27. Bb3 Qc6 28. Qd4+ Kg8 29. Ba4 1-0

[Event "Ramsgate Regency Masters 6th"]
[Site "Ramsgate"]
[Date "1984.??.??"]
[Round "5"]
[White "Ady, Jonathan James"]
[Black "Ravikumar, Vaidyanathan"]
[Result "0-1"]
[WhiteElo "2260"]
[BlackElo "2415"]
[PlyCount "78"]
[EventDate "1984.12.??"]
[EventType "swiss"]
[EventRounds "9"]
[EventCountry "ENG"]
[SourceTitle "EXT 1999"]
[Source "ChessBase"]
[SourceDate "1998.11.16"]
[SourceVersion "1"]
[SourceVersionDate "1998.11.16"]
[SourceQuality "1"]

1. e4 c5 2. Nf3 Nc6 3. d4 cxd4 4. Nxd4 Nf6 5. Nc3 d6 6. Bc4 Qb6 7. Nb3 e6 8. 0-0 Be7 9. Be3 Qc7 10. f4 a6 11. Bd3 b5 12. Qf3 Bb7 13. Rae1 Nb4 14. Qh3 Nxd3 15. cxd3 0-0 16. Nd4 Rfe8 17. Rf3 Bf8 18. Qh4 b4 19. Nce2 Qd8 20. Rh3 h6 21. Qg3 Kh8 22. Nf3 Ng8 23. Ng5 Qd7 24. Nd4 Bc8 25. Rf1 f6 26. Ngf3 Qf7 27. e5 Bd7 28. Nh4 Kh7 29. Nhf3 Ne7 30. Ng5+ fxg5 31. fxg5 Qg8 32. g6+ Kh8 33. exd6 Nd5 34. Rf7 Nxe3 35. Qxe3 e5 36. Rxd7 Qd5 37. Rf7 Qxd6 38. Nf5 Qxg6 39. Qe4 Qxf7 0-1

[Event "Lloyds Bank op 08th"]
[Site "London"]
[Date "1984.??.??"]
[Round "5"]
[White "Ady, Jonathan James"]
[Black "Spassky, Boris Vasilievich"]
[Result "0-1"]
[WhiteElo "2260"]
[BlackElo "2615"]
[PlyCount "74"]
[EventDate "1984.08.??"]
[EventType "swiss"]
[EventRounds "9"]
[EventCountry "ENG"]
[SourceTitle "MCL"]
[Source "ChessBase"]
[SourceDate "1999.07.01"]
[SourceVersion "1"]
[SourceVersionDate "1999.07.01"]
[SourceQuality "1"]

1. e4 e5 2. Nf3 Nc6 3. Bb5 Nf6 4. 0-0 Bc5 5. Nxe5 Nxe5 6. d4 a6 7. dxe5 axb5 8. exf6 Qxf6 9. Nc3 c6 10. Qh5 d6 11. Bg5 Qg6 12. Qh4 h6 13. Bf4 b4 14. Ne2 0-0 15. Ng3 Re8 16. Rfd1 d5 17. Be3 Be7 18. Qf4 Bd6 19. Qh4 Bxg3 20. hxg3 Qxe4 21. Rd4 Qxc2 22. Rxb4 Rxa2 23. Rxa2 Qb1+ 24. Kh2 Qxa2 25. Bxh6 Qb1 26. Be3 Qc2 27. Qg5 f6 28. Qh5 Re5 29. Qh4 c5 30. Ra4 Rxe3 31. fxe3 g5 32. Qh6 Qxa4 33. Qxf6 Qc6 34. Qxg5+ Kh7 35. Qe7+ Kg6 36. g4 Bxg4 37. Qh4 Qd6+ 0-1